| 000 | 00558cam a2200205ua 4500 | ||
|---|---|---|---|
| 020 |
_a81 203 0881 6 _c150.00 |
||
| 041 |
_aeng _h |
||
| 082 |
_a628 _bMAS/IN |
||
| 100 | _aMasters, Gilbert M . | ||
| 245 |
_aIntroduction to environmental engineering and science / _cGilbert M Masters. _hTextual Documents |
||
| 250 |
_a1 / _b. |
||
| 260 |
_aNew Delhi : _bPrentice Hall of India Pvt Ltd. , _c1994. |
||
| 300 | _a460 ; . | ||
| 365 | _a150.00 | ||
| 500 | _a* CSS | ||
| 504 | _a | ||
| 942 | _cBK | ||
| 999 |
_c9429 _d9429 |
||